All chemical elements by symbol - Statistics

General Stats
  • This quiz has been taken 381 times
  • The average score is 62 of 118
Answer Stats
# Symbol Name % Correct
2 He Helium
85%
1 H Hydrogen
83%
3 Li Lithium
83%
8 O Oxygen
82%
4 Be Beryllium
81%
6 C Carbon
81%
12 Mg Magnesium
81%
7 N Nitrogen
80%
26 Fe Iron
79%
36 Kr Krypton
79%
10 Ne Neon
79%
13 Al Aluminum
78%
18 Ar Argon
78%
11 Na Sodium
78%
30 Zn Zinc
78%
35 Br Bromine
77%
29 Cu Copper
77%
32 Ge Germanium
77%
19 K Potassium
77%
20 Ca Calcium
76%
17 Cl Chlorine
76%
31 Ga Gallium
76%
47 Ag Silver
76%
5 B Boron
75%
14 Si Silicon
75%
22 Ti Titanium
75%
54 Xe Xenon
75%
27 Co Cobalt
74%
9 F Fluorine
74%
28 Ni Nickel
74%
79 Au Gold
73%
15 P Phosphorus
73%
34 Se Selenium
73%
33 As Arsenic
72%
16 S Sulfur
72%
25 Mn Manganese
70%
37 Rb Rubidium
67%
24 Cr Chromium
66%
53 I Iodine
66%
21 Sc Scandium
66%
23 V Vanadium
66%
39 Y Yttrium
66%
56 Ba Barium
65%
82 Pb Lead
65%
50 Sn Tin
62%
55 Cs Cesium
61%
48 Cd Cadmium
60%
74 W Tungsten
60%
92 U Uranium
60%
40 Zr Zirconium
60%
80 Hg Mercury
58%
87 Fr Francium
57%
49 In Indium
57%
38 Sr Strontium
57%
46 Pd Palladium
55%
45 Rh Rhodium
54%
63 Eu Europium
53%
86 Rn Radon
53%
51 Sb Antimony
51%
83 Bi Bismuth
51%
77 Ir Iridium
50%
78 Pt Platinum
50%
88 Ra Radium
50%
99 Es Einsteinium
49%
42 Mo Molybdenum
49%
94 Pu Plutonium
49%
84 Po Polonium
48%
76 Os Osmium
46%
70 Yb Ytterbium
46%
52 Te Tellurium
45%
43 Tc Technetium
44%
41 Nb Niobium
43%
95 Am Americium
42%
93 Np Neptunium
42%
104 Rf Rutherfordium
42%
57 La Lanthanum
41%
58 Ce Cerium
40%
72 Hf Hafnium
40%
44 Ru Ruthenium
39%
98 Cf Californium
37%
61 Pm Promethium
37%
81 Tl Thallium
37%
85 At Astatine
36%
68 Er Erbium
36%
102 No Nobelium
36%
75 Re Rhenium
36%
96 Cm Curium
35%
67 Ho Holmium
34%
64 Gd Gadolinium
33%
62 Sm Samarium
33%
90 Th Thorium
33%
89 Ac Actinium
32%
60 Nd Neodymium
32%
118 Og Oganesson
32%
65 Tb Terbium
32%
66 Dy Dysprosium
31%
100 Fm Fermium
30%
101 Md Mendelevium
30%
97 Bk Berkelium
29%
59 Pr Praseodymium
29%
106 Sg Seaborgium
29%
73 Ta Tantalum
29%
107 Bh Bohrium
28%
103 Lr Lawrencium
28%
71 Lu Lutetium
26%
105 Db Dubnium
25%
116 Lv Livermorium
25%
112 Cp Copernicium
24%
108 Hs Hassium
24%
115 Mc Moscovium
24%
113 Nh Nihonium
24%
91 Pa Protactinium
24%
111 Rg Roentgenium
23%
110 Ds Darmstadtium
22%
69 Tm Thulium
22%
117 Ts Tenessine
21%
109 Mt Meitnerium
20%
114 Fl Flerovium
19%
No matching quizzes found
Score Distribution
Percent of People with Each Score
Percentile by Number Answered
Your Score History
You have not taken this quiz